| 000 | 01058cam a2200265 i 4500 | ||
|---|---|---|---|
| 003 | SA-RiAUC | ||
| 005 | 20241230082952.0 | ||
| 008 | 241227s1995 su g 00010cara c | ||
| 020 | _a9960652165 | ||
| 040 |
_aSA-JeALM _bara _cSA-RiAUC _erda |
||
| 043 | _aa-su--- | ||
| 082 | 0 | 4 | _a920.0531 |
| 090 |
_a920.0531 _bع ل ي |
||
| 100 | 1 |
_aعلي، نور الإسلام بن جعفر _eمؤلف. |
|
| 245 | 1 | 0 |
_aروادنا : _bتراجم لنخبة من العلماء والمشايخ / _cإعداد نور الإسلام بن جعفر علي ؛ تقديم عبد الله عمر محمد نصيف. |
| 264 | 1 |
_aمكة المكرمة : _bدار الثقافة، _c1997 |
|
| 300 |
_a90 صفحة ؛ _c24 سم |
||
| 336 |
_aنص _btxt _2rdacontent _3كتاب |
||
| 337 |
_aبدون وسيط _bn _2rdamedia |
||
| 338 |
_aمجلد _bnc _2rdacarrier |
||
| 651 | 7 |
_aالسعودية _vتراجم _2aucsh |
|
| 700 | 1 |
_aنصيف، عبد الله عمر محمد، _d1358 هجري- _eمقدم. |
|
| 942 |
_2ddc _cBOOK _n0 |
||
| 949 |
_aSA-JeALM _d241227 _umohamedma123 _n1 |
||
| 999 |
_c4108 _d4108 |
||